000 00390pab a2200157 454500
008 180718b2000 xxu||||| |||| 00| 0 eng d
100 _aPiney, Crispin
245 _aCritical path or critical chain: combining the best of both
260 _c2000
300 _ap.51-54
362 _aDec
650 _aManagement
650 _aProject management
773 _aPM Network
909 _a47403
999 _c47403
_d47403